000 01054nam a2200253 i 4500
001 91697
003 ES-MaACL
005 20250809063509.0
007 t|
008 050207s1989 sp ||||1| spa d
080 _a327(460:410)
080 _a327(460:456.31)
100 1 _aVilar, Juan Bautista,
_d1941-2018
_9114797
245 1 3 _aUn intento de aproximación entre el régimen de Burgos y la Iglesia de Inglaterra durante la guerra civil
_b: la visita a la España nacionalista del Dr. Wragg en diciembre de 1938 /
_cJuan Bautista Vilar.
260 _aMurcia :
_bUniversidad de Murcia ;
_aOrihuela :
_bPatronato "Angel García Rogel,
_c1989.
300 _aP. 221-235 ;
_c21 cm.
595 _aSeparata de: Anales de historia contemporánea, 7 (1988-1989)
651 7 _aEspaña-
_xRelaciones-
_zInglaterra
_2
_9167870
651 _aEspaña-
_xRelaciones-
_xIglesia Católica.
_9149728
710 2 _aUniversidad de Murcia.
_97228
710 2 _aPatronato "Angel García Rogel"
_96170
852 _aES-MaACL
_j2186-F-3
999 _c91697
_d91697